• 首页
  • 本馆介绍
  • 公告通知
  • 最新文献
  • 馆藏检索
  • 电子资源
  • 读者导购
  • 参考咨询
  • 我的图书馆
  • 登录
  • 详细信息显示
  • 放入我的书架
  • 预约/预借图书
  • 作者相关作品
  • 分类相关作品
  • 丛书相关作品
  • 出版社相关作品

书目信息

  • 表格格式
  • 工作单格式
  • 卡片格式
题名:
社会利益关系演进论
    
 
作者: 洪远朋 , 卢志强 , 陈波 著
分册:  
出版信息: 上海   复旦大学出版社  2006
页数: 504页
开本: 21cm
丛书名: 新时期利益关系丛书
单 册:
中图分类: F120.2
科图分类:
主题词: 经济利益--研究--中国 , 经济利益
电子资源:
ISBN: 7-309-05172-6
000 01451oam2 2200313 450
001 012007188535
005 20070515144232.42
010    @a7-309-05172-6@dCNY32.00
100    @a20070427d2006 km y0chiy0120 ea
101 0  @achi
102    @aCN@b310000
105    @ay z 000yy
106    @ar
200 1  @a社会利益关系演进论@Ashe hui li yi guan xi yan jin lun@e我国社会利益关系发展变化的轨迹@f洪远朋,卢志强,陈波著@Fhong yuan peng,lu zhi qiang,chen bo zhu
210    @a上海@c复旦大学出版社@d2006
215    @a504页@d21cm
225 2  @a新时期利益关系丛书
300    @a国家社会科学基金重大项目
330    @a本书共分四篇,第一篇理论篇,就利益关系演进的内涵、外延及关于利益关系演进的理论渊源展开了分析;第二篇因素篇,分别探讨了经济增长、产业结构、制度变迁对利益关系演进的影响,以及利益关系演进对上述方面的反馈效应;第三篇轨迹篇,对中国计划经济时期、转型时期及市场经济时期社会利益关系的发展变化进行了探讨;第四篇对策篇,在分析当前我 国社会十大主要利益关系的基础上,提出了协调新时期我国社会利益关系发展变化的十大原则。
461  0 @12001 @a新时期利益关系丛书
517 1  @a我国社会利益关系发展变化的轨迹@Awo guo she hui li yi guan xi fa zhan bian hua de gui ji
606 0  @a经济利益@x研究@y中国
606 0  @a经济利益
690    @aF120.2@v4
701  0 @a洪远朋@Ahong yuan peng@f(1935~)@4著
701  0 @a卢志强@Alu zhi qiang@c(经济学)@4著
701  0 @a陈波@Achen bo@c(经济学)@4著
801  0 @aCN@bRULIN@c20070515
905    @dF120.2@e169@s5
    
    社会利益关系演进论:我国社会利益关系发展变化的轨迹/洪远朋,卢志强,陈波著.-上海:复旦大学出版社,2006
    504页;21cm.-(新时期利益关系丛书)
    国家社会科学基金重大项目
    
    ISBN 7-309-05172-6:CNY32.00
    本书共分四篇,第一篇理论篇,就利益关系演进的内涵、外延及关于利益关系演进的理论渊源展开了分析;第二篇因素篇,分别探讨了经济增长、产业结构、制度变迁对利益关系演进的影响,以及利益关系演进对上述方面的反馈效应;第三篇轨迹篇,对中国计划经济时期、转型时期及市场经济时期社会利益关系的发展变化进行了探讨;第四篇对策篇,在分析当前我 国社会十大主要利益关系的基础上,提出了协调新时期我国社会利益关系发展变化的十大原则。
●
相关链接 在E读中查询图书 在五车中查询图书 在当当中查询图书 在豆瓣中查询图书


正题名:社会利益关系演进论     索取号:F120.2/169         预约/预借

序号 登录号 条形码 馆藏地/架位号 状态 备注
1 0571279   205712790   第一样本阅览室/ [索取号:F120.2/169] 在馆    
2 0571280   205712807   第一借阅区/ [索取号:F120.2/169] 在馆    
3 0571281   205712816   第一借阅区/ [索取号:F120.2/169] 在馆    
4 0571282   205712825   第一借阅区/ [索取号:F120.2/169] 在馆    
5 0571283   205712834   第一借阅区/ [索取号:F120.2/169] 在馆    
唐山师范学院图书馆 欢迎您!
大连网信软件有限公司© 版权所有